000 00510nam a2200181Ia 4500
003 GCL
008 140319s9999 xx 000 0 eng d
040 _aGCL /
_cGCL
082 0 4 _a946.02
_bL E
100 1 _aLEVI - PROVENCAL, E
245 1 0 _aL' ESPAGNE MUSULMANE AU XEME SIECLE INSTUTUTIONS ET VIE SOCIALE /
_cLEVI - PROVENCAL, E
260 _a[S.N] :
_bEDITIONS MAGHREBINES ،
_c1932
300 _a272 P
650 0 4 _aHISTORY
650 0 4 _aMUSLIM - SPAIN
650 0 4 _aISLAM - SPANISH
942 _2ddc
_cBK
999 _c16133
_d16133